000 00972nam a2200265 a 4500
001 000023081
005 20200930021957.0
008 101126s2003 br a 000 0 por d
020 _a8585023880
040 _aDO-SdBNP
_bspa
_cBNPHU
041 1 7 _aporeng
_2Código de idioma MARC
082 _a027.5
_bS399ó
100 1 _aSchwarcz, Lilia Moritz
_947518
245 1 0 _aO livro dos livros da Real Biblioteca :
_bthe Royal Library´s book of book /
_cLilia Moritz Schwarcz, Paulo Cesar de Azevedo ; traducción de H. Sabrina Gledhill.
260 _aSão Paulo, Brasil :
_bFundación Odebrecht,
_c2003.
300 _a384 p. :
_bil. ;
_c32 cm.
500 _aIncluye glosario.
504 _aIncluye referencias bibliográficas y notas al pie de las páginas.
650 4 _aBibliotecas gubernamentales
_947519
651 4 _aBrasil
_xHistoria
_947520
651 4 _aPortugal
_xHistoria
_947521
700 1 _aGledhill, H. Sabrina,
_etr.
_947522
910 _aWM
049 _aBNGR
999 _c22578
_d22578